000 00661nam a2200229 a 4500
008
020 _a090837741 (pbk.)
049 _aMAIN
090 _aREF TH6021
_bSPE
245 1 0 _aSpecifile compendium building products/
_cedited by Maria Chapman.
260 _aJohannesburg :
_bSpecifile,
_c1996.
300 _a21st annual ed.
300 _av. 480 p. :
_bill. ;
_c30 cm.
650 1 _aBuilding.
650 0 _abuilding services and equipment.
700 1 _aChapman, Maria.
907 _a.b10396275
_b09-05-19
_c15-02-19
003
005 20230120144459.0
040 _cNUST
942 _cBOOKS
_kREF TH6021
_mSPE
999 _c97629
_d97629